00476cam a22001572 4500001001100000005001700011008004100028020001400069040001500083050001900098110006600117245005800183260002700241300001100268650003900279000000242320151217155815.0070410s xx 000 0 eng d cKES 1,100 aKABUcKABU 0aHF5657.4b.S772 aStrathmore University.bDistance Learning Centre.@000015076910aManagement accounting :bsubject no. 14 revision kit. aNairobi :bSUP,c2006. a259 p. 0aManagerial accounting.@0000151472